Science Quiz

Random Science or Math Quiz

Turf Wars: Area of Shapes on a Grid Quiz Stats

 Plays Quiz Updated Nov 29, 2016

Also try: Types of Triangles
Challenge
Share
Tweet
Score 0/18 Timer 12:00
3 Plays Today
% Correct
Red - 14, Blue - 15
90.4%
Red - 8, Blue - 7
88.8%
Red - 16, Blue - 15
77.6%
Red - 5, Blue - 4.5
70.3%
Red - 2, Blue - 3
67.3%
Red - 9, Blue - 10
64.3%
Red - 6, Blue - 6
54.2%
Red - 6, Blue - 5
53.4%
Red - 30, Blue - 34
53.2%
% Correct
Red - 24, Blue - 24
52.6%
Red - 19, Blue - 25
50.8%
Red - 34, Blue - 30
47.6%
Red - 24.5, Blue - 25
45.2%
Red - 13, Blue - 13
33.2%
Red - 5, Blue - 5
25.7%
Red - 32, Blue - 33
23.3%
Red - 10, Blue - 10
22.8%
Red - 2, Blue - 2
22.8%

You're not logged in!

Compare scores with friends on all Sporcle quizzes.
OR
Log In

You Might Also Like...

Show Comments

Extras

Top Quizzes Today


Score Distribution

Your Account Isn't Verified!

In order to create a playlist on Sporcle, you need to verify the email address you used during registration. Go to your Sporcle Settings to finish the process.

Report this User

Report this user for behavior that violates our Community Guidelines.

Details: